Statistiques concernant Culture Générale - Série 1896

Cliquez ici pour prendre le quiz!

Statistiques générales

  • Ce quiz a été pris 81 fois
  • Le résultat moyen est 5 sur 10

Statistiques - réponses

QuestionRéponse% Correct
Complétez l'expression : "L'habit ne fait pas le ....moine
99%
Dans quel pays se trouve la ville de Sienne ?Italie
87%
Comment écrit-on 1100 en chiffres romains ?MC
80%
Dans quel département français se trouve la ville d'Orléans ?Loiret
71%
De quelle province espagnole le "gaspacho" est-il originaire ?Andalousie
63%
Dans la mythologie grecque, qui est le père de la muse Clio ?Zeus
45%
Dans quel état des Etats Unis se trouve la ville de Buffalo ?New York
32%
Complétez le titre de l'opéra d'Alexandre Borodine :" le prince ....Igor
18%
Comment appelle-t-on également le poisson marin "labre" ? voir photovieille
5%
Le "morio" est un papillon appelé parfois "manteau ....royal
0%

Distribution des résultats

Percentile par nombre de réponses

% des personnes avec chaque résultat

Votre développement - résultats

Vous n’avez pas pris ce quiz